A Modular Curriculum in Computer Science

Gespeichert in:
Bibliographische Detailangaben
Format: Buch
Sprache:Englisch
Veröffentlicht: Paríž : UNESCO, 1994
Tags: Tag hinzufügen
Keine Tags, Fügen Sie das erste Tag hinzu!

MARC

LEADER 00000nam a22000003a 4500
001 stu295424
005 20150408183221.4
008 140818s--------fr------------------eng-d
020 |a 88-7395-028-0 
040 |a STU  |b slo 
041 0 |a eng 
044 |a fr 
245 |a A Modular Curriculum in Computer Science 
260 |a Paríž :  |b UNESCO,  |c 1994 
300 |a 69 s 
996 |l II680  |s A  |a 24  |w stu295424_0001